A textbook of agroforestry with applications / (Record no. 2087)
[ view plain ]
| 000 -LEADER | |
|---|---|
| fixed length control field | 00649nam a22002177a 4500 |
| 001 - CONTROL NUMBER | |
| control field | BD-DhSAU 2087 |
| 003 - CONTROL NUMBER IDENTIFIER | |
| control field | BD-DhSAU |
| 005 - DATE AND TIME OF LATEST TRANSACTION | |
| control field | 20150126120044.0 |
| 008 - FIXED-LENGTH DATA ELEMENTS--GENERAL INFORMATION | |
| fixed length control field | 150126s1997 ii a||||r|||| 00| 0 eng d |
| 040 ## - CATALOGING SOURCE | |
| Original cataloging agency | BD-DhSAU |
| 082 ## - DEWEY DECIMAL CLASSIFICATION NUMBER | |
| Edition number | 22 |
| Classification number | 634.9 |
| Item number | BAT |
| 100 ## - MAIN ENTRY--PERSONAL NAME | |
| Personal name | Bandyopadhyay, A K |
| 245 ## - TITLE STATEMENT | |
| Title | A textbook of agroforestry with applications / |
| Statement of responsibility, etc. | A K Bandyopadhyay |
| 260 ## - PUBLICATION, DISTRIBUTION, ETC. (IMPRINT) | |
| Place of publication, distribution, etc. | New Delhi : |
| Name of publisher, distributor, etc. | Vikas Pub. House Pvt LTD, |
| Date of publication, distribution, etc. | 1997. |
| 300 ## - PHYSICAL DESCRIPTION | |
| Extent | viii, 111 p. : |
| Other physical details | ill. ; |
| Dimensions | 25 cm. |
| 504 ## - BIBLIOGRAPHY, ETC. NOTE | |
| Bibliography, etc | Includes bibliographical references. |
| 590 ## - Name of Cataloguer | |
| Name of Cataloger | erfat |
| 650 ## - SUBJECT ADDED ENTRY--TOPICAL TERM | |
| Topical term or geographic name as entry element | Agroforestry |
| Form subdivision | Handbooks, manuals, etc. |
| 650 ## - SUBJECT ADDED ENTRY--TOPICAL TERM | |
| Topical term or geographic name as entry element | Agroforestry |
| 654 ## - SUBJECT ADDED ENTRY--FACETED TOPICAL TERM | |
| Geographic subdivision | India. |
| 942 ## - ADDED ENTRY ELEMENTS (KOHA) | |
| Source of classification or shelving scheme | Dewey Decimal Classification |
| Koha item type | Book |
| Withdrawn status | Lost status | Source of classification or shelving scheme | Damaged status | Not for loan | Home library | Branch Name | Shelving location | Date acquired | Total Checkouts | Full call number | Barcode | Date last seen | Price effective from | Koha item type | Collection code |
|---|---|---|---|---|---|---|---|---|---|---|---|---|---|---|---|
| Dewey Decimal Classification | SAU Library | SAU Library | General Stacks | 24/05/1998 | 634.9 BAT | 26973 | 26/01/2015 | 26/01/2015 | Book | ||||||
| Dewey Decimal Classification | SAU Library | SAU Library | General Stacks | 24/05/1998 | 634.9 BAT | 26967 | 26/01/2015 | 26/01/2015 | Book | ||||||
| Dewey Decimal Classification | SAU Library | SAU Library | Children's Area | 24/05/1998 | 634.9 BAT | 26970 | 26/01/2015 | 26/01/2015 | Book | ||||||
| Dewey Decimal Classification | SAU Library | SAU Library | Children's Area | 24/05/1998 | 634.9 BAT | 26968 | 26/01/2015 | 26/01/2015 | Book | ||||||
| Dewey Decimal Classification | SAU Library | SAU Library | Children's Area | 24/05/1998 | 634.9 BAT | 26971 | 26/01/2015 | 26/01/2015 | Book | ||||||
| Dewey Decimal Classification | SAU Library | SAU Library | Children's Area | 24/05/1998 | 634.9 BAT | 26966 | 26/01/2015 | 26/01/2015 | Book | ||||||
| Dewey Decimal Classification | Not For Loan | SAU Library | SAU Library | Reference | 24/05/1998 | 634.9 BAT | 26964 | 27/05/2015 | 27/05/2015 | Book | Reference | ||||
| Dewey Decimal Classification | Not For Loan | SAU Library | SAU Library | Reference | 24/05/1998 | 634.9 BAT | 26965 | 27/05/2015 | 27/05/2015 | Book | Reference |
